[Event "NOR-ch U10"]
[Site "Stavanger"]
[Date "2017.07.03"]
[Round "3"]
[White "Tunsjo, Felix"]
[Black "Khoo Thwe, Louis"]
[Result "0-1"]
[WhiteElo "545"]
[BlackElo "1141"]
[PlyCount "76"]
[EventDate "2017.07.01"]
[EventType "swiss"]
[EventRounds "9"]
[EventCountry "NOR"]
[SourceTitle "EXT 2024"]
[Source "ChessBase"]
[SourceDate "2023.10.10"]
[SourceVersion "1"]
[SourceVersionDate "2023.10.10"]
[SourceQuality "1"]

1. e4 e6 2. d4 d5 3. e5 c5 4. Nf3 Nc6 5. Bb5 Bd7 6. Bxc6 Bxc6 7. 0-0 Ne7 8. Nc3 Nf5 9. Ne2 Bb5 10. c3 Qb6 11. Re1 cxd4 12. cxd4 Bb4 13. Bd2 Bxe2 14. Qa4+ Qc6 15. Qxc6+ bxc6 16. Bxb4 Bxf3 17. gxf3 Nxd4 18. Rec1 Ne2+ 19. Kf1 Nxc1 20. Rxc1 Kd7 21. Ke2 f6 22. exf6 gxf6 23. Bc3 e5 24. f4 d4 25. Rd1 Ke6 26. Bd2 c5 27. Kf3 Rhg8 28. fxe5 fxe5 29. Re1 Raf8+ 30. Ke2 e4 31. Kd1 Kd5 32. f4 e3 33. Ba5 Ke4 34. Bc7 d3 35. Bd6 Rc8 36. a3 Rg2 37. b3 Ra2 38. a4 Ra1# 0-1

[Event "Oslo Stjernen op B"]
[Site "Oslo"]
[Date "2017.06.16"]
[Round "2"]
[White "Tunsjo, Felix"]
[Black "Erikstad, Anders"]
[Result "1/2-1/2"]
[WhiteElo "545"]
[BlackElo "708"]
[PlyCount "52"]
[EventDate "2017.06.16"]
[EventType "swiss"]
[EventRounds "6"]
[EventCountry "NOR"]
[SourceTitle "EXT 2024"]
[Source "ChessBase"]
[SourceDate "2023.10.10"]
[SourceVersion "1"]
[SourceVersionDate "2023.10.10"]
[SourceQuality "1"]

1. e4 c5 2. Nf3 e6 3. Bc4 Nc6 4. 0-0 Bd6 5. d3 Nf6 6. c3 0-0 7. Nbd2 Bc7 8. Re1 d5 9. Bb5 e5 10. Bxc6 bxc6 11. exd5 Qxd5 12. Nf1 e4 13. dxe4 Qxd1 14. Rxd1 Nxe4 15. Re1 Re8 16. Ng3 Bxg3 17. hxg3 Bg4 18. Be3 a6 19. Nd2 Nxd2 20. Bxd2 Rxe1+ 21. Rxe1 Be6 22. a3 Rb8 23. Rb1 Ba2 24. Re1 g6 25. Bh6 f5 26. Bc1 Bd5 1/2-1/2

[Event "Oslo-ch"]
[Site "Oslo"]
[Date "2017.??.??"]
[Round "2"]
[White "Berhe, Azeb Asmelash"]
[Black "Tunsjo, Felix"]
[Result "1-0"]
[WhiteElo "1508"]
[BlackElo "1212"]
[PlyCount "103"]
[EventDate "2017.08.16"]
[EventType "swiss"]
[EventRounds "9"]
[EventCountry "NOR"]
[SourceTitle "EXT 2024"]
[Source "ChessBase"]
[SourceDate "2023.10.10"]
[SourceVersion "1"]
[SourceVersionDate "2023.10.10"]
[SourceQuality "1"]

1. e4 c5 2. Nf3 d6 3. d4 cxd4 4. Nxd4 Nc6 5. Nc3 g6 6. Be3 Bg7 7. Bb5 Bd7 8. a3 a6 9. Ba4 Nf6 10. Qd3 Ne5 11. Bxd7+ Qxd7 12. Qd2 Nc4 13. Qc1 e5 14. Nf3 Qc6 15. b3 Nxe3 16. Qxe3 Ng4 17. Qd3 Qb6 18. 0-0 0-0 19. Nd5 Qc5 20. b4 Qc6 21. Ne7+ Kh8 22. Nxc6 bxc6 23. Qxd6 Nf6 24. Qxc6 Rac8 25. Qxa6 Nxe4 26. c4 Nc3 27. Rac1 Ne2+ 28. Kh1 Nxc1 29. Rxc1 e4 30. Ng5 Bh6 31. Nxf7+ Rxf7 32. Qxc8+ Rf8 33. Qxf8+ Bxf8 34. Re1 h5 35. Rxe4 g5 36. Re8 Kg8 37. c5 Kf7 38. Rxf8+ Kxf8 39. g3 Ke7 40. Kg2 Kd7 41. h3 Kc6 42. Kf3 Kc7 43. Ke4 Kc6 44. Kf5 Kb5 45. Kxg5 Kc6 46. f4 h4 47. gxh4 Kb5 48. f5 Kc6 49. h5 Kb5 50. h6 Kc6 51. h7 Kb5 52. h8Q 1-0